Cherita2 Dongeng Kanak2 dan Rumah

Bibliographic Details
Format: Book
Published: Frankfurt : Horst KG Press , 1965
Subjects:

MARC

LEADER 00000cam a2200000 7i4500
001 0000075148
005 20101112.0
008 100526
090 0 0 |a BOR 
245 1 0 |a Cherita2 Dongeng Kanak2 dan Rumah 
260 |a Frankfurt :   |b Horst KG Press ,   |c 1965 
650 0 0 |a Buku 
999 |a 0000092369   |b Buku   |c Koleksi Tokoh   |e Perbadanan Perpustakaan Awam Melaka